<?xml version="1.0" encoding="UTF-8"?>
<record
    xmlns:xsi="http://www.w3.org/2001/XMLSchema-instance"
    xsi:schemaLocation="http://www.loc.gov/MARC21/slim http://www.loc.gov/standards/marcxml/schema/MARC21slim.xsd"
    xmlns="http://www.loc.gov/MARC21/slim">

  <leader>00616nam a22001337a 4500</leader>
  <datafield tag="040" ind1=" " ind2=" ">
    <subfield code="c">RUA</subfield>
  </datafield>
  <datafield tag="082" ind1=" " ind2=" ">
    <subfield code="a">AGR PRA 2018 B655 Or.1</subfield>
  </datafield>
  <datafield tag="100" ind1=" " ind2=" ">
    <subfield code="a">PRACH SKORIN,&#x1794;&#x17D2;&#x179A;&#x17B6;&#x1787;&#x17D2;&#x1789; &#x179F;&#x17D2;&#x1780;&#x17BC;&#x179A;&#x17B8;&#x1793;</subfield>
  </datafield>
  <datafield tag="245" ind1=" " ind2=" ">
    <subfield code="a">effect of plant hill spacing on growth and yield of japanese chrysanthemum (chrysanthemum coronarium L.)&#x17A5;&#x1791;&#x17B7;&#x17D2;&#x1792;&#x1796;&#x179B;&#x1793;&#x17C3;&#x1785;&#x1793;&#x17D2;&#x179B;&#x17C4;&#x17C7;&#x1782;&#x17BB;&#x1798;&#x17D2;&#x1796;&#x1791;&#x17C5;&#x179B;&#x17BE;&#x1780;&#x17B6;&#x179A;&#x178A;&#x17BB;&#x17C7;&#x179B;&#x17BC;&#x178F;&#x179B;&#x17B6;&#x179F;&#x17CB;&#x1793;&#x17B7;&#x1784;&#x1791;&#x17B7;&#x1793;&#x17D2;&#x1793;&#x1795;&#x179B;&#x179A;&#x1794;&#x179F;&#x17CB;&#x178A;&#x17C6;&#x178E;&#x17B6;&#x17C6;&#x178F;&#x17B6;&#x17C6;&#x1784;&#x17AA;</subfield>
  </datafield>
  <datafield tag="260" ind1=" " ind2=" ">
    <subfield code="a">phnom penh</subfield>
    <subfield code="b">RUA</subfield>
    <subfield code="c">2018</subfield>
  </datafield>
  <datafield tag="300" ind1=" " ind2=" ">
    <subfield code="a">xi;37p;</subfield>
    <subfield code="b">ill;</subfield>
    <subfield code="c">29cm;</subfield>
  </datafield>
  <datafield tag="856" ind1=" " ind2=" ">
    <subfield code="u"> PRACH SKORIN</subfield>
  </datafield>
  <datafield tag="942" ind1=" " ind2=" ">
    <subfield code="c">AGR</subfield>
  </datafield>
  <datafield tag="999" ind1=" " ind2=" ">
    <subfield code="c">18779</subfield>
    <subfield code="d">18779</subfield>
  </datafield>
  <datafield tag="952" ind1=" " ind2=" ">
    <subfield code="0">0</subfield>
    <subfield code="1">0</subfield>
    <subfield code="2">ddc</subfield>
    <subfield code="4">0</subfield>
    <subfield code="6">AGR_PRA_2018_000000000000000_B655_OR_1</subfield>
    <subfield code="7">0</subfield>
    <subfield code="9">83290</subfield>
    <subfield code="a">LBB</subfield>
    <subfield code="b">LBB</subfield>
    <subfield code="c">B655</subfield>
    <subfield code="d">2020-01-24</subfield>
    <subfield code="o">AGR PRA 2018 B655 Or.1</subfield>
    <subfield code="p">A43542</subfield>
    <subfield code="r">2020-01-24</subfield>
    <subfield code="w">2020-01-24</subfield>
    <subfield code="y">AGR</subfield>
  </datafield>
  <datafield tag="952" ind1=" " ind2=" ">
    <subfield code="0">0</subfield>
    <subfield code="1">0</subfield>
    <subfield code="2">ddc</subfield>
    <subfield code="4">0</subfield>
    <subfield code="6">AGR_PRA_2018_000000000000000_B655_OR_2</subfield>
    <subfield code="7">0</subfield>
    <subfield code="9">83291</subfield>
    <subfield code="a">LBB</subfield>
    <subfield code="b">LBB</subfield>
    <subfield code="c">B655</subfield>
    <subfield code="d">2020-01-24</subfield>
    <subfield code="o">AGR PRA 2018 B655 Or.2</subfield>
    <subfield code="p">A42489</subfield>
    <subfield code="r">2020-01-24</subfield>
    <subfield code="w">2020-01-24</subfield>
    <subfield code="y">AGR</subfield>
  </datafield>
  <datafield tag="952" ind1=" " ind2=" ">
    <subfield code="0">0</subfield>
    <subfield code="1">0</subfield>
    <subfield code="2">ddc</subfield>
    <subfield code="4">0</subfield>
    <subfield code="6">AGR_PRA_2018_000000000000000_B655_OR_3</subfield>
    <subfield code="7">0</subfield>
    <subfield code="9">83292</subfield>
    <subfield code="a">LBB</subfield>
    <subfield code="b">LBB</subfield>
    <subfield code="c">B655</subfield>
    <subfield code="d">2020-01-24</subfield>
    <subfield code="o">AGR PRA 2018 B655 Or.3</subfield>
    <subfield code="p">A42121</subfield>
    <subfield code="r">2020-01-24</subfield>
    <subfield code="w">2020-01-24</subfield>
    <subfield code="y">AGR</subfield>
  </datafield>
  <datafield tag="952" ind1=" " ind2=" ">
    <subfield code="0">0</subfield>
    <subfield code="1">0</subfield>
    <subfield code="2">ddc</subfield>
    <subfield code="4">0</subfield>
    <subfield code="6">AGR_PRA_2018_000000000000000_B655_OR_4</subfield>
    <subfield code="7">0</subfield>
    <subfield code="9">83293</subfield>
    <subfield code="a">LBB</subfield>
    <subfield code="b">LBB</subfield>
    <subfield code="c">B655</subfield>
    <subfield code="d">2020-01-24</subfield>
    <subfield code="o">AGR PRA 2018 B655 Or.4</subfield>
    <subfield code="p">A42194</subfield>
    <subfield code="r">2020-01-24</subfield>
    <subfield code="w">2020-01-24</subfield>
    <subfield code="y">AGR</subfield>
  </datafield>
  <datafield tag="952" ind1=" " ind2=" ">
    <subfield code="0">0</subfield>
    <subfield code="1">0</subfield>
    <subfield code="2">ddc</subfield>
    <subfield code="4">0</subfield>
    <subfield code="6">AGR_PRA_2018_000000000000000_B655_OR_5</subfield>
    <subfield code="7">0</subfield>
    <subfield code="9">83294</subfield>
    <subfield code="a">LBB</subfield>
    <subfield code="b">LBB</subfield>
    <subfield code="c">B655</subfield>
    <subfield code="d">2020-01-24</subfield>
    <subfield code="o">AGR PRA 2018 B655 Or.5</subfield>
    <subfield code="p">A43645</subfield>
    <subfield code="r">2020-01-24</subfield>
    <subfield code="w">2020-01-24</subfield>
    <subfield code="y">AGR</subfield>
  </datafield>
  <datafield tag="952" ind1=" " ind2=" ">
    <subfield code="0">0</subfield>
    <subfield code="1">0</subfield>
    <subfield code="2">ddc</subfield>
    <subfield code="4">0</subfield>
    <subfield code="6">AGR_PRA_2018_000000000000000_B655_OR_6</subfield>
    <subfield code="7">0</subfield>
    <subfield code="9">83295</subfield>
    <subfield code="a">LBB</subfield>
    <subfield code="b">LBB</subfield>
    <subfield code="c">B655</subfield>
    <subfield code="d">2020-01-24</subfield>
    <subfield code="o">AGR PRA 2018 B655 Or.6</subfield>
    <subfield code="p">A42179</subfield>
    <subfield code="r">2020-01-24</subfield>
    <subfield code="w">2020-01-24</subfield>
    <subfield code="y">AGR</subfield>
  </datafield>
</record>
